[Event "Swiss Queens Wed #4"]
[Site "FIDE Online Arena INT"]
[Date "2024.02.21"]
[Round "10"]
[White "Foisor, Sabina Francesca"]
[Black "Goltseva, Ekaterina"]
[Result "1-0"]
[WhiteElo "2206"]
[BlackElo "2329"]
[PlyCount "117"]
[EventDate "2024.02.21"]
[EventType "swiss (blitz)"]
[EventRounds "11"]
[EventCountry "NET"]
[SourceTitle "CB09_2024"]
[SourceDate "2024.02.28"]
[SourceVersion "1"]
[SourceVersionDate "2024.02.28"]
[SourceQuality "1"]

1. d4 d5 2. c4 e6 3. Nc3 c5 4. cxd5 cxd4 5. Qxd4 Nc6 6. Qa4 exd5 7. e3 Nf6 8. Nf3 Bb4 9. Bb5 Bd7 10. 0-0 Bxc3 11. bxc3 0-0 12. Ba3 Re8 13. Rfd1 a6 14. Be2 Na5 15. Qd4 Re4 16. Qd2 Nc4 17. Bxc4 Rxc4 18. Rab1 Qc7 19. Bb2 Bg4 20. h3 Bxf3 21. gxf3 Qc8 22. Kg2 Qf5 23. Qe2 Rh4 24. Rh1 Re8 25. Rbd1 Nh5 26. Qd3 Qg5+ 27. Kf1 Nf6 28. Ba3 Qh5 29. Kg2 Re5 30. Bd6 Re6 31. Bg3 Rc4 32. e4 Rc5 33. Qd4 Rec6 34. exd5 Rxd5 35. Qe3 h6 36. Rxd5 Qxd5 37. a3 Re6 38. Qd4 Qb3 39. Qd8+ Kh7 40. Qd3+ g6 41. Rb1 Qd5 42. Qxd5 Nxd5 43. Rxb7 Kg7 44. c4 Nf6 45. c5 Rc6 46. Rc7 Rxc7 47. Bxc7 Nd5 48. Be5+ f6 49. Bd6 Kf7 50. c6 Ke6 51. Bc5 Nc3 52. Bf8 Nb5 53. Bxh6 Nxa3 54. f4 Kd6 55. h4 Kxc6 56. f5 gxf5 57. h5 Nc4 58. Bf4 Kd7 59. h6 1-0

[Event "Swiss Queens Wed #4"]
[Site "FIDE Online Arena INT"]
[Date "2024.02.21"]
[Round "7"]
[White "Foisor, Sabina Francesca"]
[Black "Vifleemskaia, Svetlana"]
[Result "0-1"]
[WhiteElo "2206"]
[BlackElo "1903"]
[PlyCount "114"]
[EventDate "2024.02.21"]
[EventType "swiss (blitz)"]
[EventRounds "11"]
[EventCountry "NET"]
[SourceTitle "CB09_2024"]
[SourceDate "2024.02.28"]
[SourceVersion "1"]
[SourceVersionDate "2024.02.28"]
[SourceQuality "1"]

1. d4 Nf6 2. c4 e6 3. Nf3 Bb4+ 4. Bd2 Qe7 5. g3 0-0 6. Bg2 Nc6 7. 0-0 Bxd2 8. Nbxd2 d6 9. e4 e5 10. dxe5 dxe5 11. Qc2 a5 12. c5 h6 13. Rfd1 Bg4 14. Re1 Bxf3 15. Nxf3 Rfd8 16. Rad1 Nb4 17. Qc4 Nc6 18. a3 Qe6 19. Qc2 Rd7 20. Rxd7 Nxd7 21. Bf1 Qe7 22. Rc1 Nf6 23. Bb5 Nd4 24. Nxd4 exd4 25. Bd3 c6 26. f3 a4 27. Qf2 Rd8 28. Rc4 Rd7 29. Rxd4 Qxc5 30. Rxd7 Qxf2+ 31. Kxf2 Nxd7 32. Ke3 b5 33. Kd4 Kf8 34. e5 Ke7 35. f4 g6 36. Be4 c5+ 37. Kd5 b4 38. Bd3 bxa3 39. bxa3 f6 40. exf6+ Nxf6+ 41. Kxc5 Ng4 42. Bxg6 Nxh2 43. Kb4 Nf1 44. g4 Ne3 45. Bh5 Nd5+ 46. Kxa4 Nxf4 47. Kb5 Kd6 48. a4 Kc7 49. Kc5 Nd3+ 50. Kd4 Nb2 51. Be8 Kd8 52. Bb5 Kc7 53. a5 Nd1 54. Ke5 Nf2 55. Kf4 Kb7 56. Kf5 Ka7 57. Be2 Kb7 0-1

[Event "Swiss Queens Wed #4"]
[Site "FIDE Online Arena INT"]
[Date "2024.02.21"]
[Round "5"]
[White "Gomez Barrera, Javiera Belen"]
[Black "Foisor, Sabina Francesca"]
[Result "1-0"]
[WhiteElo "2217"]
[BlackElo "2206"]
[PlyCount "75"]
[EventDate "2024.02.21"]
[EventType "swiss (blitz)"]
[EventRounds "11"]
[EventCountry "NET"]
[SourceTitle "CB09_2024"]
[SourceDate "2024.02.28"]
[SourceVersion "1"]
[SourceVersionDate "2024.02.28"]
[SourceQuality "1"]

1. e4 c6 2. d4 d5 3. e5 Bf5 4. h4 h5 5. Bd3 Bxd3 6. Qxd3 e6 7. Bg5 Be7 8. Nf3 Nh6 9. Nbd2 Nf5 10. c4 Nd7 11. Qc2 Nb6 12. c5 Nd7 13. Nf1 f6 14. exf6 Bxf6 15. Ng3 Bxg5 16. Nxg5 Qf6 17. Nxf5 exf5 18. 0-0 0-0-0 19. Rfd1 Rhe8 20. b4 f4 21. b5 Nb8 22. a4 Re7 23. Rab1 Rde8 24. Qb3 Qf5 25. Rdc1 Qg4 26. bxc6 Nxc6 27. Qxd5 Qxh4 28. Nf3 Qf6 29. Qc4 h4 30. d5 Ne5 31. Nxe5 Qxe5 32. c6 b6 33. Qa6+ Kb8 34. a5 f3 35. axb6 Qe1+ 36. Rxe1 Rxe1+ 37. Rxe1 Rxe1+ 38. Kh2 1-0

[Event "Swiss Queens Wed #3"]
[Site "FIDE Online Arena INT"]
[Date "2024.02.14"]
[Round "11"]
[White "Foisor, Sabina Francesca"]
[Black "Castillo Beitia, Ashley Alexandra"]
[Result "1/2-1/2"]
[WhiteElo "2206"]
[BlackElo "1929"]
[PlyCount "195"]
[EventDate "2024.02.14"]
[EventType "swiss (blitz)"]
[EventRounds "11"]
[EventCountry "NET"]
[SourceTitle "CB08_2024"]
[SourceDate "2024.02.21"]
[SourceVersion "1"]
[SourceVersionDate "2024.02.21"]
[SourceQuality "1"]

1. d4 d5 2. c4 c6 3. Nf3 Nf6 4. Nbd2 a6 5. e3 Bf5 6. b3 e6 7. Be2 Bd6 8. Nh4 Bg6 9. Bb2 Nbd7 10. Nxg6 hxg6 11. h3 0-0 12. 0-0 Qe7 13. Bf3 e5 14. cxd5 cxd5 15. dxe5 Bxe5 16. Bxe5 Nxe5 17. Qe2 Rac8 18. Rac1 Qa3 19. Rxc8 Rxc8 20. Nb1 Qb4 21. Rd1 Nxf3+ 22. gxf3 Qd6 23. Qd3 Qe6 24. Kg2 Kh7 25. Nc3 Rd8 26. Ne2 Qe5 27. Qd4 Qg5+ 28. Ng3 Nh5 29. Qg4 Qxg4 30. hxg4 Nxg3 31. Kxg3 f6 32. Rd4 Kg8 33. e4 Kf7 34. exd5 Ke7 35. Kf4 Kd6 36. Rd2 Re8 37. g5 Re5 38. gxf6 gxf6 39. Rd1 Rxd5 40. Rg1 g5+ 41. Ke3 Ke5 42. Rc1 Ra5 43. a4 b5 44. axb5 Rxb5 45. Rc3 f5 46. f4+ gxf4+ 47. Kf3 Rd5 48. b4 Rb5 49. Rc4 Rd5 50. Rc6 Rd3+ 51. Ke2 Rb3 52. Rxa6 Rxb4 53. Ra5+ Kf6 54. Kf3 Kg5 55. Ra8 Rb3+ 56. Kg2 f3+ 57. Kg3 f4+ 58. Kh3 Rb6 59. Ra5+ Kg6 60. Kg4 Kf6 61. Kxf4 Rb3 62. Ra6+ Ke7 63. Kg4 Kf7 64. Ra4 Ke7 65. Rf4 Ke6 66. Re4+ Kf6 67. Rf4+ Ke6 68. Kg3 Ke5 69. Rf8 Ke4 70. Rf4+ Ke5 71. Rxf3 Rxf3+ 72. Kxf3 Kf5 73. Kg3 Kg5 74. f3 Kf5 75. Kf2 Kf4 76. Ke2 Kf5 77. Ke3 Ke5 78. f4+ Kf5 79. Kf3 Kf6 80. Ke4 Ke6 81. f5+ Kf6 82. Kf4 Kf7 83. Kg5 Kg7 84. Kf4 Kf6 85. Ke4 Kf7 86. Ke5 Ke7 87. f6+ Kf7 88. Kf5 Kf8 89. Kf4 Kf7 90. Kg5 Kf8 91. Kh6 Kf7 92. Kg5 Kf8 93. Kg6 Kg8 94. Kf5 Kf7 95. Ke5 Kf8 96. Ke6 Ke8 97. f7+ Kf8 98. Kf6 1/2-1/2

[Event "Swiss Queens Wed #3"]
[Site "FIDE Online Arena INT"]
[Date "2024.02.14"]
[Round "9"]
[White "Foisor, Sabina Francesca"]
[Black "Kanyamarala, Trisha"]
[Result "0-1"]
[WhiteElo "2206"]
[BlackElo "2243"]
[PlyCount "62"]
[EventDate "2024.02.14"]
[EventType "swiss (blitz)"]
[EventRounds "11"]
[EventCountry "NET"]
[SourceTitle "CB08_2024"]
[SourceDate "2024.02.21"]
[SourceVersion "1"]
[SourceVersionDate "2024.02.21"]
[SourceQuality "1"]

1. d4 Nf6 2. c4 e6 3. Nf3 d5 4. Qc2 Be7 5. Bg5 0-0 6. e3 Ne4 7. Bxe7 Qxe7 8. Nc3 Nxc3 9. bxc3 c5 10. Bd3 h6 11. 0-0 Nc6 12. Rab1 cxd4 13. exd4 dxc4 14. Bxc4 Qc7 15. Qe2 Na5 16. Bd3 Qxc3 17. Rfc1 Qa3 18. h3 Qe7 19. Ne5 Rd8 20. Rb5 Nc6 21. Nxc6 bxc6 22. Rbc5 Rxd4 23. Rxc6 Bd7 24. Rc7 Qd6 25. Bb1 Rb8 26. Qc2 g6 27. g3 Rd2 28. Qc3 Rd1+ 29. Kh2 Rxb1 30. Rxb1 Rxb1 31. Rxa7 Bc6 0-1

[Event "Swiss Queens Wed #3"]
[Site "FIDE Online Arena INT"]
[Date "2024.02.14"]
[Round "3"]
[White "Foisor, Sabina Francesca"]
[Black "Kiseleva, Simona"]
[Result "1-0"]
[WhiteElo "2206"]
[BlackElo "2174"]
[PlyCount "101"]
[EventDate "2024.02.14"]
[EventType "swiss (blitz)"]
[EventRounds "11"]
[EventCountry "NET"]
[SourceTitle "CB08_2024"]
[SourceDate "2024.02.21"]
[SourceVersion "1"]
[SourceVersionDate "2024.02.21"]
[SourceQuality "1"]

1. d4 Nf6 2. c4 e6 3. Nf3 b6 4. g3 Bb7 5. Bg2 Be7 6. 0-0 d6 7. b3 Nbd7 8. Bb2 0-0 9. Nbd2 Re8 10. Qc2 Bf8 11. Rad1 Qe7 12. e4 e5 13. d5 a5 14. Nh4 g6 15. f4 Ng4 16. Rde1 exf4 17. Rxf4 Nge5 18. Nhf3 Bh6 19. Rh4 Bg7 20. Rf1 g5 21. Rh5 h6 22. Nxe5 Nxe5 23. Nf3 Bc8 24. Nxe5 dxe5 25. Bh3 g4 26. Bg2 f6 27. h3 Qf7 28. hxg4 Bxg4 29. Rh4 h5 30. Bf3 Qg6 31. Bxg4 hxg4 32. Qe2 Kf7 33. Qxg4 Rh8 34. Qxg6+ Kxg6 35. Kg2 Bh6 36. Rfh1 Bg7 37. Bc1 Rxh4 38. Rxh4 a4 39. b4 Rc8 40. a3 c6 41. Be3 b5 42. dxc6 Rxc6 43. cxb5 Rc2+ 44. Kf3 Rc3 45. b6 Rc8 46. Rh1 Rb8 47. Rc1 Kf7 48. Rc7+ Kg6 49. Ra7 Bf8 50. Rxa4 Bd6 51. Bc5 1-0

[Event "Swiss Queens Wed #2"]
[Site "FIDE Online Arena INT"]
[Date "2024.02.07"]
[Round "2"]
[White "Cori Tello, Deysi Estella"]
[Black "Foisor, Sabina Francesca"]
[Result "0-1"]
[WhiteElo "2389"]
[BlackElo "2206"]
[PlyCount "96"]
[EventDate "2024.02.07"]
[EventType "swiss (blitz)"]
[EventRounds "11"]
[EventCountry "NET"]
[SourceTitle "CB07_2024"]
[SourceDate "2024.02.14"]
[SourceVersion "1"]
[SourceVersionDate "2024.02.14"]
[SourceQuality "1"]

1. Nf3 d5 2. g3 Nf6 3. Bg2 c6 4. 0-0 Bg4 5. d3 Nbd7 6. Nbd2 e6 7. e4 Be7 8. e5 Nxe5 9. h3 Nxf3+ 10. Nxf3 Bh5 11. g4 Bg6 12. Ne5 Bd6 13. Nxg6 hxg6 14. Re1 Qc7 15. c4 Bh2+ 16. Kf1 Bf4 17. Qf3 g5 18. Be3 0-0 19. h4 Bxe3 20. Rxe3 Qf4 21. Qxf4 gxf4 22. Rf3 e5 23. g5 Nh5 24. cxd5 cxd5 25. Re1 Rfe8 26. Rh3 Rad8 27. Bf3 g6 28. d4 e4 29. Bxh5 gxh5 30. Rb3 b6 31. Rc1 e3 32. fxe3 fxe3 33. Ke2 Re4 34. Rxe3 Rde8 35. Rxe4 Rxe4+ 36. Kd3 Rxh4 37. Rc7 Rh3+ 38. Kd2 Rh2+ 39. Kc3 h4 40. Rxa7 h3 41. Ra6 Rc2+ 42. Kxc2 h2 43. Ra8+ Kg7 44. g6 h1Q 45. gxf7 Kxf7 46. Ra7+ Ke6 47. Rb7 Qe4+ 48. Kc3 Qe3+ 0-1

[Event "Titled Tuesday intern op 06th Feb Early"]
[Site "Chess.com INT"]
[Date "2024.02.06"]
[Round "1"]
[White "Foisor, Sabina Francesca"]
[Black "Tregubov, Pavel V"]
[Result "0-1"]
[WhiteElo "2206"]
[BlackElo "2567"]
[PlyCount "60"]
[EventDate "2024.02.06"]
[EventType "swiss (blitz)"]
[EventRounds "11"]
[EventCountry "USA"]
[SourceTitle "CB07_2024"]
[SourceDate "2024.02.14"]
[SourceVersion "1"]
[SourceVersionDate "2024.02.14"]
[SourceQuality "1"]

1. d4 Nf6 2. c4 c5 3. d5 b5 4. Qc2 b4 5. Nf3 d6 6. e4 g6 7. Bd3 Bg7 8. 0-0 Nbd7 9. h3 0-0 10. Bf4 a5 11. Nbd2 Nh5 12. Bh2 Bh6 13. Rae1 Nf4 14. Bxf4 Bxf4 15. Re2 Ne5 16. Nxe5 Bxe5 17. f4 Bg7 18. e5 a4 19. e6 fxe6 20. dxe6 Rf6 21. f5 gxf5 22. Bxf5 Qf8 23. Bxh7+ Kh8 24. Rxf6 Qxf6 25. Ne4 Qd4+ 26. Kh1 b3 27. axb3 axb3 28. Qxb3 Ra1+ 29. Kh2 Be5+ 30. Ng3 Qg1# 0-1

[Event "Titled Tuesday intern op 06th Feb Early"]
[Site "Chess.com INT"]
[Date "2024.02.06"]
[Round "10"]
[White "Kabanov, Nikolai"]
[Black "Foisor, Sabina Francesca"]
[Result "1-0"]
[WhiteElo "2434"]
[BlackElo "2206"]
[PlyCount "47"]
[EventDate "2024.02.06"]
[EventType "swiss (blitz)"]
[EventRounds "11"]
[EventCountry "USA"]
[SourceTitle "CB07_2024"]
[SourceDate "2024.02.14"]
[SourceVersion "1"]
[SourceVersionDate "2024.02.14"]
[SourceQuality "1"]

1. e4 c6 2. d4 d5 3. exd5 cxd5 4. Nf3 Nc6 5. Ne5 Nxe5 6. dxe5 e6 7. Bd3 Bc5 8. 0-0 Ne7 9. Nd2 Ng6 10. Nb3 Be7 11. f4 Bd7 12. Qh5 Qb6+ 13. Kh1 a5 14. a4 0-0 15. Rf3 f5 16. exf6 Rxf6 17. Rh3 e5 18. Qxh7+ Kf7 19. fxe5 Bxh3 20. exf6 Qxf6 21. Qxg6+ Qxg6 22. Bxg6+ Kxg6 23. gxh3 b6 24. Be3 1-0

[Event "Charlotte op"]
[Site "Charlotte"]
[Date "2024.01.15"]
[Round "6"]
[White "Foisor, Sabina Francesca"]
[Black "Cruz, Cristhian"]
[Result "0-1"]
[WhiteElo "2200"]
[BlackElo "2498"]
[PlyCount "142"]
[EventDate "2024.01.05"]
[EventType "swiss"]
[EventRounds "6"]
[EventCountry "USA"]
[SourceTitle "CB04_2024"]
[SourceDate "2023.10.16"]
[SourceVersion "1"]
[SourceVersionDate "2023.10.16"]
[SourceQuality "1"]

1. d4 e6 2. Nf3 Nf6 3. c4 Bb4+ 4. Nbd2 a5 5. g3 b6 6. Bg2 Bb7 7. 0-0 0-0 8. Qc2 d5 9. Rd1 Qe7 10. Nf1 dxc4 11. a3 Bd6 12. Bg5 Nbd7 13. Qxc4 h6 14. Bf4 Bxf4 15. gxf4 c5 16. Ng3 Rac8 17. Ne5 Bxg2 18. Kxg2 Nd5 19. e3 cxd4 20. Qxd4 Nc5 21. Rab1 Rfd8 22. Kg1 Nb4 23. Qc4 Ncd3 24. Qe4 f5 25. Qg2 Nxe5 26. Rxd8+ Rxd8 27. axb4 Ng4 28. h3 Nf6 29. Qc6 axb4 30. Qxb6 Kh7 31. Ra1 Nd5 32. Qc6 Rd6 33. Qa8 Rd8 34. Qc6 Qd6 35. Qc4 Qd7 36. Qd4 Qf7 37. Kh2 Qf6 38. Ne2 Qxd4 39. Nxd4 Nxf4 40. Ra7 Rd6 41. Re7 Kg6 42. Nb5 Rb6 43. exf4 Rxb5 44. Rxe6+ Kf7 45. Ra6 Rc5 46. Rb6 Rc4 47. Kg3 Rd4 48. f3 Ke7 49. b3 Kf7 50. Rb5 Ke6 51. Re5+ Kf6 52. Rb5 g5 53. Rb6+ Kg7 54. fxg5 hxg5 55. Kf2 Rd2+ 56. Ke3 Rh2 57. Rxb4 Rxh3 58. Kf2 Rh2+ 59. Kg3 Rd2 60. Rb8 Rd3 61. Kf2 Kf6 62. b4 Rb3 63. b5 Ke5 64. Kg3 g4 65. b6 Rxf3+ 66. Kh4 Kf4 67. Kh5 Rh3+ 68. Kg6 Rb3 69. b7 g3 70. Rf8 Rxb7 71. Rxf5+ Ke3 0-1

[Event "Charlotte op"]
[Site "Charlotte"]
[Date "2024.01.15"]
[Round "5"]
[White "Parker, Anthony"]
[Black "Foisor, Sabina Francesca"]
[Result "0-1"]
[WhiteElo "1909"]
[BlackElo "2200"]
[PlyCount "66"]
[EventDate "2024.01.05"]
[EventType "swiss"]
[EventRounds "6"]
[EventCountry "USA"]
[SourceTitle "CB04_2024"]
[SourceDate "2023.10.16"]
[SourceVersion "1"]
[SourceVersionDate "2023.10.16"]
[SourceQuality "1"]

1. f4 d5 2. Nf3 c5 3. g3 g6 4. Bg2 Bg7 5. d3 d4 6. 0-0 Nh6 7. Nbd2 0-0 8. Ne4 Qc7 9. c3 Nd7 10. Qc2 Qb6 11. Rb1 Nf6 12. Nxf6+ Bxf6 13. Nd2 Be6 14. Nc4 Qa6 15. b3 dxc3 16. a4 Rad8 17. Ne5 Ng4 18. Nxg4 Bxg4 19. h3 Bd7 20. e4 Bd4+ 21. Kh2 b5 22. axb5 Bxb5 23. Rd1 Rd7 24. e5 Rfd8 25. Be4 f6 26. h4 Qe6 27. Rf1 f5 28. Bg2 Bxd3 29. Qa2 c2 30. Rb2 Bxb2 31. Qxb2 Bxf1 32. Bxf1 Rd2+ 33. Kh3 Qc6 0-1

[Event "Titled Tuesday intern op 09th Jan Early"]
[Site "Chess.com INT"]
[Date "2024.01.09"]
[Round "2"]
[White "Bindrich, Falko"]
[Black "Foisor, Sabina Francesca"]
[Result "1-0"]
[WhiteElo "2584"]
[BlackElo "2200"]
[PlyCount "47"]
[EventDate "2024.01.09"]
[EventType "swiss (blitz)"]
[EventRounds "11"]
[EventCountry "USA"]
[SourceTitle "CB03_2024"]
[SourceDate "2024.01.17"]
[SourceVersion "1"]
[SourceVersionDate "2024.01.17"]
[SourceQuality "1"]

1. d4 d5 2. c4 c6 3. e3 Nf6 4. Nc3 a6 5. Nf3 b5 6. b3 g6 7. Be2 Bg7 8. 0-0 0-0 9. Ne5 Bb7 10. f4 Ne4 11. Nxe4 dxe4 12. Qc2 c5 13. d5 b4 14. Bb2 f6 15. Ng4 e6 16. dxe6 Qe7 17. f5 gxf5 18. Rxf5 Qxe6 19. Rxc5 Nd7 20. Rc7 Rab8 21. Rd1 Rf7 22. c5 f5 23. Bc4 Qe8 24. Rdxd7 1-0

[Event "Titled Tuesday intern op 09th Jan Early"]
[Site "Chess.com INT"]
[Date "2024.01.09"]
[Round "6"]
[White "Foisor, Sabina Francesca"]
[Black "Khegay, Yuliya"]
[Result "0-1"]
[WhiteElo "2200"]
[BlackElo "1798"]
[PlyCount "76"]
[EventDate "2024.01.09"]
[EventType "swiss (blitz)"]
[EventRounds "11"]
[EventCountry "USA"]
[SourceTitle "CB03_2024"]
[SourceDate "2024.01.17"]
[SourceVersion "1"]
[SourceVersionDate "2024.01.17"]
[SourceQuality "1"]

1. d4 d5 2. c4 e6 3. Nc3 h6 4. Bf4 Nf6 5. e3 Bd6 6. Bg3 c6 7. Nf3 0-0 8. Bd3 Bc7 9. 0-0 Nbd7 10. Qe2 dxc4 11. Bxc4 b5 12. Bb3 Bb7 13. Rad1 a5 14. e4 Bxg3 15. hxg3 b4 16. Na4 Ba6 17. Bc4 Bxc4 18. Qxc4 Nxe4 19. Qxc6 Ndf6 20. Rfe1 Rc8 21. Qa6 Rc2 22. Re2 Qc8 23. Qd3 Rxe2 24. Qxe2 Qc6 25. b3 Rc8 26. Ne5 Qc2 27. Re1 Qxe2 28. Rxe2 Rc1+ 29. Kh2 Rd1 30. f3 Nc3 31. Nxc3 bxc3 32. Rc2 Nd5 33. Nc6 Rd2 34. Rc1 c2 35. Nxa5 Ne3 36. Nc4 Rd1 37. Nxe3 Rxc1 38. Nxc2 Rxc2 0-1

[Event "Titled Tuesday intern op 09th Jan Early"]
[Site "Chess.com INT"]
[Date "2024.01.09"]
[Round "3"]
[White "Foisor, Sabina Francesca"]
[Black "Vakhlamov, Igor L"]
[Result "1-0"]
[WhiteElo "2200"]
[BlackElo "2413"]
[PlyCount "57"]
[EventDate "2024.01.09"]
[EventType "swiss (blitz)"]
[EventRounds "11"]
[EventCountry "USA"]
[SourceTitle "CB03_2024"]
[SourceDate "2024.01.17"]
[SourceVersion "1"]
[SourceVersionDate "2024.01.17"]
[SourceQuality "1"]

1. d4 d5 2. c4 e6 3. Nc3 c5 4. cxd5 cxd4 5. Qxd4 Nc6 6. Qd1 exd5 7. Qxd5 Bd6 8. Bg5 Nge7 9. Bxe7 Qxe7 10. e3 0-0 11. Nf3 Be6 12. Qg5 f6 13. Qh4 Nb4 14. Rc1 Rac8 15. Be2 Nxa2 16. Nxa2 Bb4+ 17. Nc3 g5 18. Qe4 Qd6 19. 0-0 Rfe8 20. Qxb7 Re7 21. Qb5 Rb8 22. Qd3 Qc5 23. Rfd1 Kh8 24. Qd4 Kg7 25. Qxc5 Bxc5 26. h3 Rxb2 27. Bd3 Bb4 28. Ne4 Bb3 29. Rb1 1-0

[Event "Titled Tuesday intern op 09th Jan Early"]
[Site "Chess.com INT"]
[Date "2024.01.09"]
[Round "11"]
[White "Teillet, Benoit"]
[Black "Foisor, Sabina Francesca"]
[Result "0-1"]
[WhiteElo "2218"]
[BlackElo "2200"]
[PlyCount "134"]
[EventDate "2024.01.09"]
[EventType "swiss (blitz)"]
[EventRounds "11"]
[EventCountry "USA"]
[SourceTitle "CB03_2024"]
[SourceDate "2024.01.17"]
[SourceVersion "1"]
[SourceVersionDate "2024.01.17"]
[SourceQuality "1"]

1. b4 e6 2. Bb2 Nf6 3. b5 d5 4. e3 a6 5. a4 axb5 6. axb5 Rxa1 7. Bxa1 c5 8. Nf3 Be7 9. c4 0-0 10. Be2 Nbd7 11. d4 cxd4 12. exd4 Ne4 13. c5 Qa5+ 14. Nbd2 Ndf6 15. 0-0 Bd7 16. Nb3 Qb4 17. Qc2 Bxb5 18. Bxb5 Qxb5 19. Rb1 Ra8 20. Nbd2 Qe2 21. Re1 Qxf2+ 22. Kh1 Nxd2 23. Qxd2 Ne4 24. Qxf2 Nxf2+ 25. Kg1 Ne4 26. Bb2 Ra2 27. Bc1 Ra1 28. Kf1 h6 29. Ne5 f6 30. Nf3 Bd8 31. Bf4 Rxe1+ 32. Kxe1 g5 33. Bb8 Kf7 34. Ke2 Ke7 35. Kd3 Kd7 36. Ba7 Kc6 37. Ne1 b6 38. cxb6 Bxb6 39. Bxb6 Kxb6 40. Nc2 Kb5 41. Ne3 Kc6 42. h4 Kd6 43. hxg5 hxg5 44. Ng4 f5 45. Ne5 Ke7 46. Nf3 Kf6 47. Ne5 g4 48. Nd7+ Kg5 49. Nc5 Kf6 50. Nd7+ Ke7 51. Nb6 f4 52. Na4 f3 53. gxf3 gxf3 54. Ke3 f2 55. Ke2 Kd6 56. Nb2 e5 57. dxe5+ Kxe5 58. Nd3+ Kd4 59. Nf4 Kc4 60. Nd3 d4 61. Nc1 Kc3 62. Nd3 Ng3+ 63. Kxf2 Kxd3 64. Kf3 Kc2 65. Kxg3 d3 66. Kf3 d2 67. Ke3 d1Q 0-1

[Event "Titled Tuesday intern op 14th Nov Early"]
[Site "Chess.com INT"]
[Date "2023.11.14"]
[Round "5"]
[White "Feliz Dotel, Dewar Bienvenido"]
[Black "Foisor, Sabina Francesca"]
[Result "0-1"]
[WhiteElo "2048"]
[BlackElo "2169"]
[PlyCount "40"]
[EventDate "2023.11.14"]
[EventType "swiss (blitz)"]
[EventRounds "11"]
[EventCountry "USA"]
[SourceTitle "CB47_2023"]
[SourceDate "2023.11.22"]
[SourceVersion "1"]
[SourceVersionDate "2023.11.22"]
[SourceQuality "1"]

1. d4 d5 2. e3 Nf6 3. Nf3 c5 4. dxc5 Nc6 5. a3 a5 6. Bb5 Bg4 7. c4 e6 8. Qa4 Qc7 9. Nd4 Bxc5 10. Nxc6 0-0 11. Nd4 dxc4 12. 0-0 e5 13. Nf3 Bxf3 14. gxf3 e4 15. f4 Rad8 16. Nc3 Qc8 17. Ne2 Qh3 18. Rd1 Ng4 19. Bd7 Qxh2+ 20. Kf1 Qxf2# 0-1

[Event "Titled Tuesday intern op 14th Nov Early"]
[Site "Chess.com INT"]
[Date "2023.11.14"]
[Round "6"]
[White "Gubajdullin, Alexey"]
[Black "Foisor, Sabina Francesca"]
[Result "0-1"]
[WhiteElo "2253"]
[BlackElo "2169"]
[PlyCount "162"]
[EventDate "2023.11.14"]
[EventType "swiss (blitz)"]
[EventRounds "11"]
[EventCountry "USA"]
[SourceTitle "CB47_2023"]
[SourceDate "2023.11.22"]
[SourceVersion "1"]
[SourceVersionDate "2023.11.22"]
[SourceQuality "1"]

1. d4 d5 2. Nf3 Nf6 3. Bf4 e6 4. e3 Bd6 5. Bg3 0-0 6. Nbd2 c5 7. c3 b6 8. Bd3 Ba6 9. Bxa6 Nxa6 10. Ne5 Rc8 11. 0-0 Nb8 12. a4 Nc6 13. Nxc6 Rxc6 14. a5 b5 15. Bxd6 Qxd6 16. Nb3 cxd4 17. exd4 b4 18. Nc5 bxc3 19. bxc3 Nd7 20. Nxd7 Qxd7 21. Qb3 Qc7 22. Rfc1 h6 23. g3 Rc8 24. Ra3 Rb8 25. Qa2 Qb7 26. a6 Qb2 27. Rc2 Qxa2 28. Rcxa2 Kf8 29. Kf1 Ke7 30. Ke2 Kd6 31. Kd3 f6 32. f4 g5 33. Rf2 gxf4 34. Rxf4 Ke7 35. Rh4 e5 36. Rxh6 e4+ 37. Ke3 Rf8 38. Rh7+ Rf7 39. Rh8 Ke6 40. Re8+ Kf5 41. Rd8 Ke6 42. Kf4 Rfc7 43. Ra5 Rd6 44. Rxd6+ Kxd6 45. Ra3 Ke6 46. h4 f5 47. g4 fxg4 48. Kxg4 Rg7+ 49. Kh3 Kf5 50. Rb3 e3 51. Rb7 e2 52. Rb1 Ke4 53. h5 Kd3 54. Kh4 Kxc3 55. h6 Rg8 56. Kh5 Kxd4 57. h7 Rh8 58. Kg6 Ke3 59. Rb3+ Kf2 60. Rb2 d4 61. Kg7 Rxh7+ 62. Kxh7 Kf1 63. Rb7 e1Q 64. Rxa7 Qe4+ 65. Kg7 Qe5+ 66. Kf7 Qd5+ 67. Kg7 d3 68. Rf7+ Ke2 69. Re7+ Kd1 70. a7 d2 71. Re8 Qb7+ 72. Kf6 Qxa7 73. Kf5 Qc5+ 74. Kf4 Kc2 75. Re2 Kc1 76. Rxd2 Kxd2 77. Ke4 Qe3+ 78. Kd5 Kd3 79. Kd6 Qe4 80. Kc5 Qd4+ 81. Kb5 Qc4+ 0-1

[Event "BCF-chT 2223 (4NCL)"]
[Site "England"]
[Date "2023.05.01"]
[Round "11.2"]
[White "Foisor, Sabina Francesca"]
[Black "Terbe, Julianna"]
[Result "1/2-1/2"]
[WhiteElo "2185"]
[BlackElo "2281"]
[PlyCount "24"]
[EventDate "2022.10.22"]
[EventType "team-swiss"]
[EventRounds "11"]
[EventCountry "ENG"]
[SourceTitle "EXT 2024"]
[Source "ChessBase"]
[SourceDate "2023.10.10"]
[SourceVersion "1"]
[SourceVersionDate "2023.10.10"]
[SourceQuality "1"]
[WhiteTeam "The Sharks"]
[BlackTeam "Chess.com Manx Liberty"]
[WhiteTeamCountry "ENG"]
[BlackTeamCountry "ENG"]

1. d4 d5 2. Nf3 Nf6 3. e3 c5 4. b3 cxd4 5. exd4 Nc6 6. Bd3 Bg4 7. Bb2 e6 8. Nbd2 Be7 9. h3 Bh5 10. 0-0 0-0 11. a3 Bg6 12. Bxg6 hxg6 1/2-1/2

[Event "BCF-chT 2223 (4NCL)"]
[Site "England"]
[Date "2023.04.29"]
[Round "9.3"]
[White "Boswell, Jacob Connor"]
[Black "Foisor, Sabina Francesca"]
[Result "1-0"]
[WhiteElo "2110"]
[BlackElo "2185"]
[PlyCount "130"]
[EventDate "2022.10.22"]
[EventType "team-swiss"]
[EventRounds "11"]
[EventCountry "ENG"]
[SourceTitle "EXT 2024"]
[Source "ChessBase"]
[SourceDate "2023.10.10"]
[SourceVersion "1"]
[SourceVersionDate "2023.10.10"]
[SourceQuality "1"]
[WhiteTeam "Cheddleton"]
[BlackTeam "The Sharks"]
[WhiteTeamCountry "ENG"]
[BlackTeamCountry "ENG"]

1. e3 d5 2. c4 c6 3. Nf3 Nf6 4. Nc3 a6 5. d4 g6 6. a4 Bg7 7. Be2 0-0 8. 0-0 Bg4 9. Qb3 Ra7 10. a5 e6 11. Qc2 Nbd7 12. Rd1 Qc8 13. e4 dxc4 14. Ne5 Bxe2 15. Qxe2 c5 16. Qxc4 Ra8 17. Nxd7 Nxd7 18. d5 b5 19. axb6 Nxb6 20. Qb3 Rb8 21. Bf4 Rb7 22. d6 Bd4 23. Qa2 e5 24. Bg5 Qe6 25. Qxa6 Rfb8 26. Be7 Nd7 27. Na4 Qg4 28. Qd3 Rb3 29. h3 Bxf2+ 30. Kh1 Qf4 31. Nc3 Bd4 32. Rf1 Qh6 33. Qc4 Qg7 34. Ra7 R3b4 35. Qd5 Rxb2 36. Rxd7 Bxc3 37. Bf6 Qf8 38. Bxe5 Rd2 39. Qc4 Bxe5 40. Rdxf7 Qxd6 41. Rd7+ Kh8 42. Rxd6 Bxd6 43. Qe6 Rf2 44. Rd1 Bg3 45. Qg4 Be5 46. Qg5 Re8 47. g3 Bd4 48. Re1 Kg7 49. h4 h6 50. Qg4 Re7 51. h5 g5 52. Rb1 Be5 53. Rb6 Ra7 54. Rb1 Rf6 55. Qc8 Bxg3 56. Rb7+ Rxb7 57. Qxb7+ Kf8 58. Qc8+ Kf7 59. Qxc5 g4 60. Qd5+ Ke7 61. Qd1 Rf3 62. Qc1 Bf4 63. Qc5+ Bd6 64. Qd4 g3 65. e5 Bc7 1-0